000 00527nam a22001457a 4500
999 _c130023
_d130023
008 191113b ||||| |||| 00| 0 eng d
020 _a9780349111667
050 _aHC240.Z9 W45 1999
100 _aLandes, David S.
_945247
245 _aThe wealth and poverty of nations:
_bwhy some are rich and some so poor
_c/ by David Landes
260 _aLondon:
_bAbacus,
_c1999.
300 _axv, 650p. ;
_c20cm.
650 _aRegional economic disparities
_xHistory economic devlpment
_xSocial aspects
_948650
942 _2lcc
_cMONOGRAPH